Satothari hindi kahani meim patra aur charitra chithran/ (Record no. 40837)

000 -LEADER
fixed length control field 00396nam a22001451a 4500
082 ## - DEWEY DECIMAL CLASSIFICATION NUMBER
Classification number H301 007
Item number RAM/S
100 ## - MAIN ENTRY--AUTHOR NAME
Personal name Ram Prasad
245 ## - TITLE STATEMENT
Title Satothari hindi kahani meim patra aur charitra chithran/
Statement of responsibility, etc by Ram Prasad
260 ## - PUBLICATION, DISTRIBUTION, ETC. (IMPRINT)
Place of publication Allahabad:
Name of publisher Jai Bharti Prakashan,
Year of publication 1995.
300 ## - PHYSICAL DESCRIPTION
Number of Pages 288p.
650 ## - SUBJECT ADDED ENTRY--TOPICAL TERM
Topical Term Stories Hindi Study
650 ## - SUBJECT ADDED ENTRY--TOPICAL TERM
Topical Term Literature Hindi
650 ## - SUBJECT ADDED ENTRY--TOPICAL TERM
Topical Term Literature
942 ## - ADDED ENTRY ELEMENTS (KOHA)
Koha item type Book
Holdings
Withdrawn status Lost status Damaged status Not for loan Permanent Location Current Location Date acquired Cost, normal purchase price Full call number Accession Number Cost, replacement price Price effective from Koha item type
        Sree Sankaracharya University of Sanskrit Sree Sankaracharya University of Sanskrit 08.01.2015 175.00 H301 007 RAM/S 016818 0.00 08.01.2015 Book